000 00433nam a2200133Ia 4500
008 100328s9999 xx 000 0 und d
082 _b60550
100 _aजोगळेकर प्रमोद-अनु.
245 _aसंभव-असंभव.
260 _bमेहता पब्लिशिंग हाऊस.
630 _aसंभव-असंभव.
730 _aसंभव-असंभव.
942 _cBOOK
999 _c546692
_d546689